000 00394nam a2200145Ia 4500
008 230917s9999||||xx |||||||||||||| ||und||
040 _e105286
_aMAIN
041 _aEnglish
082 _a005.133 D952M
100 _aDuthie, G Andrew
245 0 _aMicrosoft ASP.NET programming with Microsoft visual C#. NET step by step
260 _aNew Delhi
_bPHI
_c2003
300 _a601 p.
942 _cBK
999 _c119623
_d119623